00388nam a2200133 i 4500001000300000100001800003245011500021250001300136260002100149040000800170041000800178080002700186008004100213bg1 aBEFINGER, Jan 0aRusskij jazik dlja studentov fakul'tetov elektroniki, techničeskoj fiziki i elektrotechniki /cJan Befinger. a[Wyd.3]. aGdańsk,c1978. cBPK apol a808.2:621.3:53](075.8) s pl f |000 0 pol